• 首页
  • 本馆介绍
  • 公告通知
  • 最新文献
  • 馆藏检索
  • 电子资源
  • 读者导购
  • 参考咨询
  • 我的图书馆
  • 登录
  • 详细信息显示
  • 放入我的书架
  • 预约/预借图书
  • 作者相关作品
  • 分类相关作品
  • 丛书相关作品
  • 出版社相关作品

书目信息

  • 表格格式
  • 工作单格式
  • 卡片格式
题名:
证劵公司合规管理
    
 
作者: 张云东 主编
分册:  
出版信息: 北京   中国金融出版社  2009
页数: 310页
开本: 24cm
丛书名:
单 册:
中图分类: F832.39
科图分类:
主题词: 证券交易所--企业管理--研究--中国 , 证券交易所 , 企业管理
电子资源:
ISBN: 978-7-5049-5035-2
000 00895nam0 2200253 45
005 20100303111505.71
010    @a978-7-5049-5035-2@dCNY48.00
100    @a20090713d2009 em y0chiy50 ea
101 0  @achi
102    @aCN@b110000
105    @ay z 000yy
106    @ar
200 1  @a证劵公司合规管理@AZheng劵 Gong Si He Gui Guan Li@f张云东主编@FZhang Yun Dong Zhu Bian
210    @a北京@c中国金融出版社@d2009
215    @a310页@d24cm
330    @a本书分为七章,内容包括:合规管理基本理论、我国证券公司合规管理现状、证券公司合规管理组织体系、证券公司合规管理实务、合规管理与外部监管等。
510 1  @aCompliance management of securities company@zeng
606 0  @a证券交易所@x企业管理@x研究@y中国
606 0  @a证券交易所
606 0  @a企业管理
690    @aF832.39@v4
701  0 @a张云东@AZhang Yun Dong@4主编
801  0 @aCN@bTANGWEI@c20100303
905    @b0583793-97@dF832.39@e60@f5
    
    证劵公司合规管理/张云东主编.-北京:中国金融出版社,2009
    310页;24cm
    
    
    ISBN 978-7-5049-5035-2:CNY48.00
    本书分为七章,内容包括:合规管理基本理论、我国证券公司合规管理现状、证券公司合规管理组织体系、证券公司合规管理实务、合规管理与外部监管等。
●
相关链接 在E读中查询图书 在五车中查询图书 在当当中查询图书 在豆瓣中查询图书


正题名:证劵公司合规管理     索取号:F832.39/60         预约/预借

序号 登录号 条形码 馆藏地/架位号 状态 备注
1 0583793   205837932   第一样本阅览室/ [索取号:F832.39/60] 在馆    
2 0583794   205837941   第一借阅区/ [索取号:F832.39/60] 在馆    
3 0583795   205837950   第一借阅区/ [索取号:F832.39/60] 在馆    
4 0583796   205837969   第一借阅区/ [索取号:F832.39/60] 在馆    
5 0583797   205837978   密集书库-海洋学院/ [索取号:F832.39/60] 在馆    
唐山师范学院图书馆 欢迎您!
大连网信软件有限公司© 版权所有